LEADER 01130nam a2200265 i 4500 001 000000161267 003 CaOOAMICUS 005 20080311000000.0 008 080311s1965 it u000 u ita u 013 $a138630 040 $aSeMil$bita 100 1 $aInnarone, Reginaldo.$0(OLS)http://semarc/name/42568 245 10$aPredicazione e dialogo col mondo moderno nell'insegnamento di Paolo 6. /$cReginaldo Innarone. 260 $aNapoli :$bEdizioni domenicane italiane,$c1965. 300 $a121 p. ;$c21 cm. 490 0 $aEcclesiam suam ;$v2 500 $aFondo Card. Giovanni Colombo. 650 4$aPaolo VI - Insegnamenti.$0(OLS)http://semarc/subject/17551 830 0$aEcclesiam suam ;$v2.$0(OLS)http://semarc/title/25352 850 $aSeMil 852 $aSeMil$W1$xVenegono$y1$m2A I 52$j112699$B112699$CSeMilBibl$Z2$F132447 $81 941 1 $a3 961 $aLascito: Colombo Card. Giovanni 996 $6245$aPredicazione e dialogo col mondo moderno nell'insegnamento di Paolo 6.$9(OLS)http://semarc/title/144312 996 $6260$aNapoli :$bEdizioni domenicane italiane$9(OLS)http://semarc/publisher/29939 LEADER 01952nam a2200373 i 4500 001 000000135069 003 CaOOAMICUS 005 20130729000000.0 008 130729s2004 be u000 u ger u 013 $a108363 020 $a90-5867-432-0 020 $a2-87723-817-2 020 $a90-429-1516-1 040 $aSeMil$bita 100 1 $aGiesen, Heinz.$0(OLS)http://semarc/name/49007 245 10$aJesu Heilsbotschaft und die Kirche :$bStudien zur Eschatologie und Ekklesiologie bei den Synoptikern und im ersten Petrusbrief /$cvon Heinz Giesen. 260 $aLeuven [etc] :$bUitgeverij Peeters,$c2004. 260 $aLeuven :$bUniversity Press,$c2004. 300 $aXX, 578, 9 p. ;$c25 cm. 490 0 $aBibliotheca Ephemeridum Theologicarum Lovaniensium ;$v179. 650 4$aBibbia - Tema [dell'] Escatologia.$0(OLS)http://semarc/subject/426 650 4$aBibbia - Chiesa.$0(OLS)http://semarc/subject/1148 650 4$aBibbia. Nuovo Testamento. Lettere di Pietro. 1-2 - Commentari, studi, critica, interpretazioni.$0(OLS)http://semarc/subject/45445 650 4$aBibbia - NT - Vangeli - Teologia.$0(OLS)http://semarc/subject/26600 830 0$aBibliotheca Ephemeridum Theologicarum Lovaniensium ;$v179.$0(OLS)http://semarc/title/108 850 $aSeMil 852 $aSeMil$W1$xVenegono$y1$m2IA A 179$j88759$B88759$CSeMilBibl$Z2$F93567 $81 961 $aSottoscrizione: Glossa 996 $6020$a90-5867-432-0$9(OLS)http://semarc/number/122392 996 $6020$a2-87723-817-2$9(OLS)http://semarc/number/122393 996 $6020$a90-429-1516-1$9(OLS)http://semarc/number/122394 996 $6245$aJesu Heilsbotschaft und die Kirche :$bStudien zur Eschatologie und Ekklesiologie bei den Synoptikern und im ersten Petrusbrief$9(OLS)http://semarc/title/197617 996 $6260$aLeuven :$bUniversity Press$9(OLS)http://semarc/publisher/30124 996 $6260$aLeuven [etc] :$bUitgeverij Peeters$9(OLS)http://semarc/publisher/33422